| 000 | 00443nam a2200193Ia 4500 | ||
|---|---|---|---|
| 005 | 20250425162642.0 | ||
| 008 | 250425s9999 xx 000 0 und d | ||
| 020 | _a0127489207 | ||
| 041 | _aeng | ||
| 082 | _a616.9 | ||
| 245 | 0 | _aMOLECULAR METHODS FOR VIRUS DETECTION | |
| 250 | _aS.E | ||
| 260 |
_aEstados Unidos _bACADEMIC PRESS _c1995 |
||
| 260 | _aNEW YORK | ||
| 300 | _a386 | ||
| 650 | _aVIRUS | ||
| 942 | _c01 | ||
| 010 | _a94175 | ||
| 999 |
_c233648 _d233648 |
||